Nechcené 8-ročné gymnáziá

Bibliographic Details
Main Authors: Tóth, František, 1963-2006 (Author), Smreková, Mária (Author)
Format: Article
Language:Slovak
ISSN:1335-5589
Subjects:

MARC

LEADER 00000nab a2200000 a 4500
001 vtls000746868
003 SK-MaSNL
005 20260303195611.0
008 150305c2001 xo 0 slo
015 |a SNBRB2001/02-05538 
035 |a CLN000098699 
040 |a SNKBUCL  |b slo  |c SNKBUCL  |e AACR2 
041 0 |a slo 
044 |a xo  |c SK 
080 |a 373.54  |2 1997 
100 1 |a Tóth, František,  |d 1963-2006  |4 aut  |9 93461 
245 1 0 |a Nechcené 8-ročné gymnáziá  |c František Tóth, Mária Smreková 
650 0 7 |a gymnáziá osemročné  |2 snkbucl  |9 899467 
655 7 |a články z novín a časopisov  |2 snkbucl  |9 267496 
700 1 |a Smreková, Mária  |4 aut  |9 487285 
773 0 |t Pedagogické rozhľady  |g Roč. 10, č. 1 (2001), s. 8-9  |x 1335-5589 
850 |a Slovenská národná knižnica v Martine 
852 |a SNK  |b KIS3GCP 
958 |a SK 
999 |c 2163713  |d 2165643